[Event "Petrov Memorial Rapid 2014"]
[Site "Jurmala LAT"]
[Date "2014.02.23"]
[Round "13.3"]
[White "Ehlvest, Jaan"]
[Black "Neiksans, Arturs"]
[Result "1-0"]
[WhiteElo "2565"]
[BlackElo "2560"]
[PlyCount "107"]
[EventDate "2014.02.21"]

1. d4 f5 2. g3 Nf6 3. Bg2 d6 4. Nf3 g6 5. O-O Bg7 6. c4 O-O 7. Nc3 c6 8. d5 e5
9. e4 Na6 10. exf5 Bxf5 11. Bg5 Nc5 12. Nd2 Qb6 13. Nb3 Nxb3 14. axb3 c5 15. h3
Rae8 16. g4 Bd7 17. Qc2 a6 18. Rae1 h6 19. Bxf6 Rxf6 20. Ne4 Rf4 21. Ng3 Rf6
22. Be4 Kf7 23. f3 Rh8 24. h4 Bf8 25. f4 Bxg4 26. fxe5 dxe5 27. Bxg6+ Kg7 28.
Bf5 h5 29. Bxg4 hxg4 30. Nf5+ Kg8 31. Rxe5 Qc7 32. Qe4 Qf7 33. Re6 Rh7 34. Kg2
b5 35. Rxf6 Qxf6 36. Qe6+ Qxe6 37. dxe6 bxc4 38. bxc4 Rb7 39. Kg3 Kh7 40. Kxg4
Rxb2 41. e7 Bxe7 42. Nxe7 Rc2 43. Rf7+ Kh6 44. Rf6+ Kg7 45. Rxa6 Rxc4+ 46. Kg5
Rc1 47. Nf5+ Kf7 48. Ra7+ Ke6 49. Re7+ Kd5 50. h5 c4 51. h6 c3 52. h7 Rg1+ 53.
Kh5 c2 54. Rc7 1-0

[Event "Petrov Memorial Rapid 2014"]
[Site "Jurmala LAT"]
[Date "2014.02.23"]
[Round "13.4"]
[White "Kiselev, Vitaliy2"]
[Black "Maiorov, Nikita1"]
[Result "1-0"]
[WhiteElo "2505"]
[BlackElo "2529"]
[PlyCount "87"]
[EventDate "2014.02.21"]

1. d4 Nf6 2. c4 e6 3. Nf3 b6 4. g3 Bb7 5. Bg2 Be7 6. O-O O-O 7. Nc3 Na6 8. b3
d5 9. Ne5 Qc8 10. cxd5 exd5 11. Bb2 Re8 12. Rc1 Bf8 13. Qd2 Qe6 14. e3 c5 15.
Nd3 Rad8 16. dxc5 bxc5 17. Nf4 Qd7 18. Rfd1 d4 19. exd4 Bxg2 20. Nxg2 cxd4 21.
Na4 Re5 22. Nf4 Re4 23. f3 Ree8 24. Qxd4 Qe7 25. Qf2 Nb4 26. Ba3 Qb7 27. Rxd8
Rxd8 28. Nc5 Bxc5 29. Rxc5 Ng4 30. Qe2 Nf6 31. Rb5 Qc6 32. Bxb4 h6 33. Be1 a6
34. Re5 g5 35. Nd3 Qd6 36. Nf2 Qd4 37. Kg2 Rd7 38. Ng4 Nxg4 39. fxg4 Kg7 40.
Re4 Qd5 41. Bc3+ Kh7 42. Qf3 Rc7 43. Re3 Qd8 44. Qe4+ 1-0

[Event "Petrov Memorial Rapid 2014"]
[Site "Jurmala LAT"]
[Date "2014.02.23"]
[Round "13.5"]
[White "Miezis, Normunds"]
[Black "Starostits, Ilmars"]
[Result "1-0"]
[WhiteElo "2548"]
[BlackElo "2467"]
[PlyCount "102"]
[EventDate "2014.02.21"]

1. c4 e5 2. Nc3 Nc6 3. g3 g6 4. Bg2 Bg7 5. e4 d6 6. Nge2 Be6 7. d3 Qd7 8. h3 f5
9. Be3 Nf6 10. Nd5 O-O 11. Qd2 Rf7 12. Bh6 Raf8 13. Bxg7 Kxg7 14. f3 Nd8 15. b3
c6 16. Nxf6 Rxf6 17. exf5 Rxf5 18. d4 e4 19. f4 d5 20. c5 b6 21. Rc1 R5f7 22.
Qe3 Kg8 23. g4 Qe7 24. O-O Bc8 25. Rf2 Qh4 26. b4 Ba6 27. Ng3 Ne6 28. f5 bxc5
29. bxc5 Ng7 30. Rf4 Qh6 31. Kh2 Kh8 32. Rxe4 Qxe3 33. Rxe3 gxf5 34. gxf5 Nxf5
35. Nxf5 Rxf5 36. Rce1 Bc4 37. a3 a5 38. Re8 Kg7 39. Rxf8 Kxf8 40. Re6 Bb5 41.
Kg3 Kf7 42. Rd6 Rg5+ 43. Kf2 Rf5+ 44. Bf3 Rf6 45. Rd7+ Kg6 46. Ra7 h5 47. Rxa5
Rf4 48. Ke3 Kg5 49. Bxd5 cxd5 50. Rxb5 Rh4 51. c6 Rxh3+ 1-0

[Event "Petrov Memorial Rapid 2014"]
[Site "Jurmala LAT"]
[Date "2014.02.23"]
[Round "14.2"]
[White "Aleksandrov, Aleksej"]
[Black "Ehlvest, Jaan"]
[Result "1/2-1/2"]
[WhiteElo "2569"]
[BlackElo "2565"]
[PlyCount "20"]
[EventDate "2014.02.21"]

1. d4 Nf6 2. c4 e6 3. Nc3 d5 4. cxd5 exd5 5. Bg5 c6 6. Qc2 Be7 7. e3 Nbd7 8.
Bd3 Nf8 9. Nge2 Ne6 10. Bh4 g6 1/2-1/2

[Event "Petrov Memorial Rapid 2014"]
[Site "Jurmala LAT"]
[Date "2014.02.23"]
[Round "14.3"]
[White "Meskovs, Nikita"]
[Black "Miezis, Normunds"]
[Result "0-1"]
[WhiteElo "2436"]
[BlackElo "2548"]
[PlyCount "70"]
[EventDate "2014.02.21"]

1. d4 Nf6 2. Nf3 e6 3. g3 b5 4. Bg2 Bb7 5. O-O c5 6. dxc5 Bxc5 7. Nbd2 O-O 8.
Nb3 Bb6 9. a4 bxa4 10. Rxa4 d5 11. Qd3 Ne4 12. Be3 Nd7 13. Rfa1 Rc8 14. Na5 Ba8
15. b4 Rc3 16. Qd1 Rxe3 17. fxe3 Bxe3+ 18. Kf1 Qf6 19. R4a3 Nd2+ 20. Ke1 d4 21.
Rxe3 dxe3 22. Ra3 Qh6 23. c4 Nf6 24. c5 Rd8 25. c6 Nxf3+ 26. Bxf3 Rxd1+ 27.
Kxd1 Bxc6 28. Nxc6 Qxh2 29. b5 g5 30. Rxa7 g4 31. Ne7+ Kg7 32. Bc6 Qxg3 33. Kc2
Qe1 34. b6 Qxe2+ 35. Kb3 Qd3+ 0-1

[Event "Petrov Memorial Rapid 2014"]
[Site "Jurmala LAT"]
[Date "2014.02.23"]
[Round "14.5"]
[White "Neiksans, Arturs"]
[Black "Maiorov, Nikita1"]
[Result "1/2-1/2"]
[WhiteElo "2560"]
[BlackElo "2529"]
[PlyCount "61"]
[EventDate "2014.02.21"]

1. e4 e5 2. Nf3 Nc6 3. Bb5 a6 4. Ba4 Nf6 5. O-O Be7 6. d3 d6 7. c4 O-O 8. Nc3
Bg4 9. Bxc6 bxc6 10. h3 Bxf3 11. Qxf3 Nd7 12. Be3 Bg5 13. Rad1 Rb8 14. b3 c5
15. Nd5 c6 16. Bxg5 Qxg5 17. Qf5 Qd8 18. Ne3 g6 19. Qg4 Nf6 20. Qh4 Nh5 21.
Qxd8 Rbxd8 22. f3 Nf4 23. Kf2 f5 24. Ke1 Ne6 25. Kd2 f4 26. Nc2 Rf7 27. Kc3 Rb7
28. Rb1 Rdb8 29. a3 a5 30. Rb2 g5 31. Rfb1 1/2-1/2

[Event "Petrov Memorial Rapid 2014"]
[Site "Jurmala LAT"]
[Date "2014.02.23"]
[Round "15.1"]
[White "Starostits, Ilmars"]
[Black "Fedorchuk, Sergey A"]
[Result "0-1"]
[WhiteElo "2467"]
[BlackElo "2641"]
[PlyCount "100"]
[EventDate "2014.02.21"]

1. e4 c5 2. Nc3 a6 3. g3 b5 4. Bg2 Bb7 5. d4 cxd4 6. Qxd4 Nc6 7. Qe3 e6 8. Nf3
d6 9. b3 Nf6 10. Bb2 Be7 11. O-O Qc7 12. h3 O-O 13. Rac1 Rac8 14. Ne2 Qb8 15.
Nfd4 Qa8 16. Rfe1 Nb8 17. Nf4 Rfe8 18. Nd3 Nbd7 19. g4 Nc5 20. f3 Bf8 21. Qg5
h6 22. Qh4 Nxd3 23. cxd3 Rxc1 24. Rxc1 Rc8 25. Qe1 Nd7 26. f4 e5 27. fxe5 Nxe5
28. Rd1 Ng6 29. Qg3 Qa7 30. Kh1 Qc5 31. Rc1 Qg5 32. Rxc8 Bxc8 33. Qf2 Ne5 34.
Bf1 h5 35. gxh5 Qxh5 36. Nf5 g6 37. d4 Ng4 38. Qg3 gxf5 39. exf5 Bxf5 40. Kg1
Qg6 41. hxg4 Bxg4 42. d5 Bg7 43. Bxg7 Kxg7 44. a4 Bd7 45. Qxg6+ fxg6 46. axb5
Bxb5 47. Bg2 a5 48. Kf2 Kf6 49. Kf3 Ke5 50. Kg4 Bd3 0-1

[Event "Petrov Memorial Rapid 2014"]
[Site "Jurmala LAT"]
[Date "2014.02.23"]
[Round "15.2"]
[White "Dobrov, Vladimir"]
[Black "Aleksandrov, Aleksej"]
[Result "0-1"]
[WhiteElo "2511"]
[BlackElo "2569"]
[PlyCount "129"]
[EventDate "2014.02.21"]

1. Nf3 d5 2. g3 c6 3. Bg2 Bg4 4. O-O Nd7 5. d3 Ngf6 6. c4 e6 7. Nc3 Be7 8. cxd5
exd5 9. h3 Bh5 10. e4 dxe4 11. dxe4 Nc5 12. Qxd8+ Rxd8 13. Ne5 Nfd7 14. Nc4 O-O
15. Be3 b6 16. g4 Bg6 17. f4 f6 18. Rfd1 Nb8 19. b4 Nb7 20. b5 Bf7 21. bxc6
Nxc6 22. Nd5 Bc5 23. a4 Rfe8 24. Bxc5 Nxc5 25. e5 fxe5 26. Nc7 Rxd1+ 27. Rxd1
Rc8 28. Nxe5 Nxe5 29. fxe5 Bb3 30. Bd5+ Bxd5 31. Nxd5 Re8 32. a5 bxa5 33. Rc1
Nd3 34. Rc7 Rxe5 35. Ne7+ Kf8 36. Nf5 g6 37. Nd6 Re7 38. Rc8+ Kg7 39. Rc3 Nf4
40. Ra3 Re5 41. Nc4 Rc5 42. Nxa5 Nxh3+ 43. Kg2 Nf4+ 44. Kf3 Ne6 45. Nb7 Rc7 46.
Nd6 Nd4+ 47. Ke4 Rd7 48. Ra6 Ne6 49. Ke5 Nc5 50. Ra3 Kh6 51. Rc3 Re7+ 52. Kd5
Na4 53. Rh3+ Kg5 54. Ne4+ Kxg4 55. Rxh7 Nc3+ 56. Kd4 Rxe4+ 57. Kxc3 a5 58. Ra7
a4 59. Kd3 Rb4 60. Ke3 Kg3 61. Ra5 Rg4 62. Ke2 Kg2 63. Ke3 a3 64. Ra6 g5 65.
Ke2 0-1

[Event "Petrov Memorial Rapid 2014"]
[Site "Jurmala LAT"]
[Date "2014.02.23"]
[Round "15.4"]
[White "Ehlvest, Jaan"]
[Black "Sveshnikov, Evgeny"]
[Result "1-0"]
[WhiteElo "2565"]
[BlackElo "2528"]
[PlyCount "55"]
[EventDate "2014.02.21"]

1. d4 d5 2. Nc3 Nf6 3. Bf4 e6 4. Nb5 Na6 5. e3 c6 6. Nc3 b6 7. Nf3 Nc7 8. Ne5
Bb7 9. Bd3 Be7 10. Qf3 O-O 11. g4 Bb4 12. Qh3 g6 13. Bh6 c5 14. f3 c4 15. Be2
Nb5 16. Kd2 Qe7 17. a3 Nxc3 18. bxc3 Bxa3 19. Bg5 Bd6 20. Qh4 Ne4+ 21. fxe4 f6
22. Bh6 fxe5 23. Qxe7 Bxe7 24. Bxf8 Bxf8 25. g5 b5 26. Bg4 Bc8 27. Rhb1 Bd7 28.
exd5 1-0

[Event "Petrov Memorial Rapid 2014"]
[Site "Jurmala LAT"]
[Date "2014.02.23"]
[Round "15.5"]
[White "Neiksans, Arturs"]
[Black "Putka, Verners"]
[Result "1/2-1/2"]
[WhiteElo "2560"]
[BlackElo "2323"]
[PlyCount "72"]
[EventDate "2014.02.21"]

1. Nf3 Nf6 2. g3 b6 3. Bg2 Bb7 4. O-O e6 5. c4 c5 6. Nc3 Be7 7. d4 cxd4 8. Qxd4
O-O 9. b3 d6 10. Rd1 Nbd7 11. Bb2 a6 12. Ng5 Bxg2 13. Kxg2 Qc7 14. Nge4 Rad8
15. f3 Nc5 16. Nf2 Qb7 17. b4 Ncd7 18. Nce4 Ne8 19. Rac1 f5 20. Nc3 Ne5 21. Nd3
Bf6 22. Nxe5 Bxe5 23. Qe3 Nf6 24. Na4 Bxb2 25. Nxb2 Rfe8 26. Nd3 e5 27. Nf2 Qc6
28. b5 axb5 29. Qb3 b4 30. c5+ d5 31. Qxb4 bxc5 32. Rxc5 Qe6 33. Nd3 f4 34.
gxf4 e4 35. Ne5 Qf5 36. Qd2 d4 1/2-1/2